<?xml version="1.0" encoding="UTF-8"?>
<record
    xmlns:xsi="http://www.w3.org/2001/XMLSchema-instance"
    xsi:schemaLocation="http://www.loc.gov/MARC21/slim http://www.loc.gov/standards/marcxml/schema/MARC21slim.xsd"
    xmlns="http://www.loc.gov/MARC21/slim">

  <leader>01353nam0a2200313   4500</leader>
  <controlfield tag="001">RU\NLR\ONL2\12247</controlfield>
  <controlfield tag="005">20260426074426.0</controlfield>
  <datafield tag="035" ind1=" " ind2=" ">
    <subfield code="a">(NLR Aleph) 009659834</subfield>
  </datafield>
  <datafield tag="090" ind1=" " ind2=" ">
    <subfield code="a">13695975</subfield>
    <subfield code="c">13695975</subfield>
  </datafield>
  <datafield tag="100" ind1=" " ind2=" ">
    <subfield code="a">20081101d1958    u  y0rusy50      ca</subfield>
  </datafield>
  <datafield tag="101" ind1="0" ind2=" ">
    <subfield code="a">aze</subfield>
  </datafield>
  <datafield tag="102" ind1=" " ind2=" ">
    <subfield code="a">AM</subfield>
  </datafield>
  <datafield tag="105" ind1=" " ind2=" ">
    <subfield code="a">a   |||||||||</subfield>
  </datafield>
  <datafield tag="200" ind1="1" ind2=" ">
    <subfield code="a">&#x415;&#x440;&#x43C;&#x4D9;&#x43D;&#x438;&#x441;&#x442;&#x430;&#x43D; &#x421;&#x421;&#x420; &#x444;&#x438;&#x437;&#x438;&#x43A;&#x438; &#x4B9;&#x43E;&#x493;&#x440;&#x430;&#x444;&#x438;j&#x430;&#x441;&#x44B;</subfield>
    <subfield code="e">j&#x435;&#x434;&#x434;&#x438;&#x438;&#x43B;&#x43B;&#x438;&#x43A; &#x432;&#x44D; &#x43E;&#x440;&#x442;&#x430; &#x43C;&#x44D;&#x43A;&#x442;&#x44D;&#x431;&#x43B;&#x44D;&#x440;&#x438;&#x43D; VII c&#x438;&#x43D;&#x438;&#x444;&#x43B;&#x44D;&#x440;&#x438; &#x443;&#x447;&#x443;&#x43D; &#x434;&#x44D;&#x440;&#x441; &#x43A;&#x438;&#x442;&#x430;&#x431;&#x44B;</subfield>
    <subfield code="f">&#x410;. &#x411;&#x430;&#x433;&#x434;&#x430;&#x441;&#x430;&#x440;j&#x430;&#x43D;, &#x410;. &#x427;&#x443;&#x433;&#x443;&#x440;j&#x430;&#x43D;, &#x41A;. &#x41E;h&#x430;&#x43D;j&#x430;&#x43D;</subfield>
  </datafield>
  <datafield tag="210" ind1=" " ind2=" ">
    <subfield code="a">J&#x435;&#x440;&#x435;&#x432;&#x430;&#x43D;</subfield>
    <subfield code="c">h&#x430;j&#x43F;&#x435;&#x442;&#x443;&#x441; &#x43C;&#x430;&#x43D;&#x433;h&#x440;&#x430;&#x442;</subfield>
    <subfield code="d">1958</subfield>
  </datafield>
  <datafield tag="215" ind1=" " ind2=" ">
    <subfield code="a">92 &#x441;.</subfield>
    <subfield code="c">&#x438;&#x43B;.</subfield>
    <subfield code="d">22</subfield>
  </datafield>
  <datafield tag="541" ind1="1" ind2=" ">
    <subfield code="a">&#x424;&#x438;&#x437;&#x438;&#x447;&#x435;&#x441;&#x43A;&#x430;&#x44F; &#x433;&#x435;&#x43E;&#x433;&#x440;&#x430;&#x444;&#x438;&#x44F; &#x410;&#x440;&#x43C;&#x44F;&#x43D;&#x441;&#x43A;&#x43E;&#x439; &#x421;&#x421;&#x420;</subfield>
    <subfield code="e">&#x443;&#x447;&#x435;&#x431;&#x43D;&#x438;&#x43A; &#x434;&#x43B;&#x44F; VII &#x43A;&#x43B;&#x430;&#x441;&#x441;&#x430; &#x441;&#x435;&#x43C;&#x438;&#x43B;&#x435;&#x442;&#x43D;&#x438;&#x445; &#x438; &#x441;&#x440;&#x435;&#x434;. &#x448;&#x43A;&#x43E;&#x43B;</subfield>
    <subfield code="z">rus</subfield>
  </datafield>
  <datafield tag="607" ind1=" " ind2=" ">
    <subfield code="9">&#x423;&#x447;&#x435;&#x431;&#x43D;&#x44B;&#x435; &#x438;&#x437;&#x434;&#x430;&#x43D;&#x438;&#x44F; &#x434;&#x43B;&#x44F; &#x441;&#x440;&#x435;&#x434;&#x43D;&#x435;&#x439; &#x448;&#x43A;&#x43E;&#x43B;&#x44B;</subfield>
    <subfield code="a">&#x410;&#x440;&#x43C;&#x44F;&#x43D;&#x441;&#x43A;&#x430;&#x44F; &#x421;&#x421;&#x420;</subfield>
    <subfield code="x">&#x413;&#x435;&#x43E;&#x433;&#x440;&#x430;&#x444;&#x438;&#x44F;</subfield>
    <subfield code="2">nlr-sh2</subfield>
    <subfield code="2">nlr-sh1</subfield>
    <subfield code="2">nlr-sh1</subfield>
    <subfield code="3">RU\NLR\auth\6669074</subfield>
  </datafield>
  <datafield tag="686" ind1="1" ind2=" ">
    <subfield code="a">&#x414;82 &#x44F;72</subfield>
  </datafield>
  <datafield tag="700" ind1=" " ind2="1">
    <subfield code="a">&#x411;&#x430;&#x433;&#x434;&#x430;&#x441;&#x430;&#x440;&#x44F;&#x43D;</subfield>
    <subfield code="b">&#x410;.</subfield>
    <subfield code="4">070</subfield>
  </datafield>
  <datafield tag="701" ind1=" " ind2="1">
    <subfield code="a">&#x427;&#x443;&#x433;&#x443;&#x440;&#x44F;&#x43D;</subfield>
    <subfield code="b">&#x410;.</subfield>
    <subfield code="4">070</subfield>
  </datafield>
  <datafield tag="701" ind1=" " ind2="1">
    <subfield code="a">&#x41E;&#x433;&#x430;&#x43D;&#x44F;&#x43D;</subfield>
    <subfield code="b">&#x41A;.</subfield>
    <subfield code="4">070</subfield>
  </datafield>
  <datafield tag="801" ind1=" " ind2="0">
    <subfield code="a">RU</subfield>
    <subfield code="b">NLR</subfield>
    <subfield code="c">20081219</subfield>
    <subfield code="g">PSBO</subfield>
  </datafield>
  <datafield tag="852" ind1=" " ind2=" ">
    <subfield code="a">NLR</subfield>
    <subfield code="b">&#x41E;&#x41D;&#x41B;</subfield>
    <subfield code="j">&#x410;&#x437;&#x435;&#x440;&#x431;./3-5744</subfield>
  </datafield>
  <datafield tag="942" ind1=" " ind2=" ">
    <subfield code="c">BOOK</subfield>
  </datafield>
  <datafield tag="980" ind1=" " ind2=" ">
    <subfield code="a">ONL_RF</subfield>
  </datafield>
  <datafield tag="980" ind1=" " ind2=" ">
    <subfield code="a">NB</subfield>
  </datafield>
</record>
